000 00770cab a22002175a 4500
001 L159741
008 171218e2016 xxk 000 0 eng d
035 _a(Sirsi) u159741
041 0 _aeng
100 1 _aBlackman, David
245 0 0 _aEdge of tomorrow
260 _c2016
490 _aModus
_vSeptember 2016, 18-19 (2)
520 _aIf today's graduates are going to thrive in their future careers, what skills do the seasoned professionals think they'll need to get ahead? Adaptability, networking skills, being able to collaborate, ability to handle complex data and using social media.
650 2 4 _aRECRUITMENT
650 2 4 _aSKILLS
650 2 4 _aFUTURE OF THE PROFESSION
651 4 _aUnited Kingdom
_y
690 _aBusiness and management
942 _n0
999 _c84952
_d84952